| 000 | 01941nam0a2200397 4500 | ||
|---|---|---|---|
| 001 | RU\NLR\BIBL_A\012564355 | ||
| 005 | 20210831154844.0 | ||
| 010 |
_a978-5-9948-3885-3 _9100 |
||
| 021 |
_aRU _bКН-П-21-013916 _9КН-П-21-1115 |
||
| 035 | _a(NLR Aleph) 012564355 | ||
| 090 |
_a12470590 _c12470590 |
||
| 100 | _a20210714d2020 k y0rusy50 ca | ||
| 101 | 0 | _arus | |
| 102 | _aRU | ||
| 105 | _aa|||z|||010zy | ||
| 181 | 0 |
_ai _baxxe |
|
| 182 | 0 | _an | |
| 200 | 1 |
_aВзрывная обработка термостойких полимеров _eмонография _fН.А. Адаменко, Г.В. Агафонова, А.В. Казуров _gМинистерство науки и высшего образования Российской Федерации, Волгоградский государственный технический университет |
|
| 203 |
_aТекст _bвизуальный _cнепосредственный |
||
| 210 |
_aВолгоград _cВолгГТУ _d2020 |
||
| 215 |
_a238, [2] с. _cил., табл. _d21 |
||
| 300 | _aНа обл.: ВолгГТУ 90 лет | ||
| 320 | _aБиблиогр.: с. 221-235 (239 назв.) | ||
| 606 | 1 |
_aПолимеры _xТермостойкость _92213833 _3RU\NLR\AUTH\661329777 |
|
| 606 | 1 |
_aПолимеры _xФизико-механические свойства _92483928 _3RU\NLR\AUTH\661474321 |
|
| 606 | 1 |
_aПластические массы _xПрессование _91414549 _3RU\NLR\AUTH\66284744 |
|
| 686 | 1 | _aЛ719.92 | |
| 686 | 1 | _aЛ710.511 | |
| 701 | 1 |
_aАдаменко _bН. А. _gНина Александровна |
|
| 701 | 1 |
_aАгафонова _bГ. В. _gГалина Викторовна |
|
| 701 | 1 |
_aКазуров _bА. В. _gАндрей Владимирович |
|
| 942 | _cBOOK | ||
| 980 | _aNBR | ||
| 980 | _aNB | ||